Normal view
MARC view
Entry Personal Name
001 - CONTROL NUMBER
- control field: 9386
003 - CONTROL NUMBER IDENTIFIER
- control field: BD-RjUL
005 - DATE AND TIME OF LATEST TRANSACTION
- control field: 20231005123511.0
008 - FIXED-LENGTH DATA ELEMENTS
- fixed length control field: 231005|| aca||aabn | a|a d
040 ## - CATALOGING SOURCE
- Original cataloging agency: BD-RjUL
- Transcribing agency: BD-RjUL
100 ## - HEADING--PERSONAL NAME
- Personal name: Paul, Y. S
670 ## - SOURCE DATA FOUND
- Source citation: Work cat.: (BD-RjUL)82054: Gupta, V. K. 9384, Diseases of vegetable crops /, 2017